El sueño ha terminado

保存先:
書誌詳細
第一著者: Ávila, Diana
フォーマット: 図書
言語:Undetermined
出版事項: San José, Costa Rica Ministerio de Cultura Juventud y Deportes 1976
主題:
タグ: タグ追加
タグなし, このレコードへの初めてのタグを付けませんか!

MARC

LEADER 00000nam a2200000Ia 4500
008 170316s9999 xx 000 0 und d
040 |a cru BVZT 
090 |a 868 A-2os 
100 |a Ávila, Diana  |9 414 
245 |a El sueño ha terminado  |c / Diana Ávila 
260 |a San José, Costa Rica 
260 |b Ministerio de Cultura Juventud y Deportes 
260 |c 1976 
300 |a 84 páginas 
650 |a LITERATURA COSTARRICENSE  |9 17 
999 |c 10698  |d 10698 
942 |c 15 D  |h 868 A-2os  |2 z